[Event "IRI-ch U16 Girls"]
[Site "Chess.com INT"]
[Date "2021.01.16"]
[Round "9"]
[White "Dashti, Parmiss"]
[Black "Movahed, Niayesh"]
[Result "0-1"]
[WhiteElo "1384"]
[BlackElo "1319"]
[PlyCount "140"]
[EventDate "2021.01.16"]
[EventType "swiss"]
[EventRounds "9"]
[EventCountry "IRI"]
[SourceTitle "EXT 2022"]
[Source "ChessBase"]
[SourceDate "2021.10.06"]
[SourceVersion "1"]
[SourceVersionDate "2021.10.06"]
[SourceQuality "1"]

1. e4 d6 2. d3 Nf6 3. Nf3 g6 4. c3 e5 5. Be2 Bg7 6. Qc2 c6 7. Nbd2 0-0 8. Nc4 b5 9. Ne3 Nbd7 10. Bd2 a5 11. 0-0 Nc5 12. b4 axb4 13. cxb4 Ne6 14. Qxc6 Ba6 15. Rfc1 Qe7 16. Nd5 Nxd5 17. Qxd5 Rfb8 18. Qb3 Nf4 19. Bf1 d5 20. g3 dxe4 21. dxe4 Ne6 22. Bc3 Nd4 23. Bxd4 exd4 24. Qd3 Qxb4 25. Bg2 Qa4 26. e5 Rc8 27. Qxd4 Rxc1+ 28. Rxc1 Qxa2 29. Qb4 Bf8 30. Qb1 Qxb1 31. Rxb1 b4 32. Nd4 Rc8 33. Nc6 Bd3 34. Rb2 Bc4 35. h3 b3 36. Na5 Ba3 37. Nxc4 Bxb2 38. Nxb2 Rc1+ 39. Kh2 Rc2 40. Na4 b2 41. Nxb2 Rxb2 42. Kg1 Kf8 43. Bf1 Rb1 44. Kg2 Rc1 45. Bb5 Ke7 46. f4 Rc2+ 47. Kf3 h5 48. h4 Rc3+ 49. Kg2 Ke6 50. Ba4 Ra3 51. Bb5 f6 52. exf6 Kxf6 53. Kf2 Rb3 54. Ba6 Rb6 55. Bc4 Rd6 56. Bb5 Kf5 57. Be2 Ke4 58. Bf3+ Kf5 59. Be2 Rd2 60. Kf3 Rb2 61. Bd3+ Kf6 62. Be2 Rb3+ 63. Kf2 Kf5 64. Ba6 Rc3 65. Bb5 Ke4 66. Ba6 Rc2+ 67. Be2 Rb2 68. Kf1 Ke3 69. Ba6 Kf3 70. Bc4 Rb1# 0-1

[Event "IRI-ch U16 Girls"]
[Site "Chess.com INT"]
[Date "2021.01.16"]
[Round "4"]
[White "Movahed, Niayesh"]
[Black "Poorsadami, Ayat"]
[Result "1-0"]
[WhiteElo "1319"]
[BlackElo "1175"]
[PlyCount "153"]
[EventDate "2021.01.16"]
[EventType "swiss"]
[EventRounds "9"]
[EventCountry "IRI"]
[SourceTitle "EXT 2022"]
[Source "ChessBase"]
[SourceDate "2021.10.06"]
[SourceVersion "1"]
[SourceVersionDate "2021.10.06"]
[SourceQuality "1"]

1. e4 d6 2. d4 Nf6 3. Nc3 g6 4. Be3 Bg7 5. f3 0-0 6. Bc4 Nbd7 7. Qd2 Re8 8. Nge2 c5 9. 0-0-0 cxd4 10. Bxd4 Nb6 11. Bb3 Bd7 12. g4 Qc7 13. h4 Nc4 14. Qd3 b5 15. h5 Bh6+ 16. Kb1 g5 17. Bxf6 exf6 18. Bxc4 bxc4 19. Qxd6 Qxd6 20. Rxd6 Be6 21. Rhd1 Bf8 22. R6d2 h6 23. Nd5 Bxd5 24. exd5 Rad8 25. Nc3 Bb4 26. d6 Bxc3 27. bxc3 Rd7 28. Rd5 Rc8 29. Re1 Rc6 30. Re8+ Kg7 31. Re7 Rdxd6 32. Rxd6 Rxd6 33. Rxa7 Rd1+ 34. Kb2 Rf1 35. Ra4 Rxf3 36. Rxc4 Rf4 37. Rb4 f5 38. gxf5 Rxf5 39. a4 Rc5 40. Rb5 Rc7 41. a5 Ra7 42. c4 g4 43. c5 g3 44. Rb4 Rxa5 45. Rg4+ Kf6 46. Rxg3 Rxc5 47. Rh3 Kg5 48. Kb3 Kg4 49. Rh1 Rxh5 50. Rg1+ Kf5 51. c4 Ke6 52. Kb4 Kd6 53. Rf1 Re5 54. Rxf7 h5 55. Rh7 Rf5 56. c5+ Kc6 57. Rh6+ Kc7 58. Kb5 Kb7 59. Rh7+ Kc8 60. Kb6 Rf6+ 61. c6 Kd8 62. Kb7 Rxc6 63. Kxc6 h4 64. Rxh4 Ke7 65. Rh6 Kf7 66. Kd7 Kg7 67. Re6 Kf7 68. Re1 Kf6 69. Kd6 Kf5 70. Re6 Kf4 71. Re5 Kf3 72. Kd5 Kf4 73. Kd4 Kg3 74. Rf5 Kg4 75. Ke4 Kh4 76. Kf3 Kh3 77. Rh5# 1-0